000 00713nam a2200205 a 4500
001 15207
003 CO-ViMGA
008 141112s2004 ck r 000 u spa d
020 _a8448118340
040 _aCO-ViMGA
_bspa
_cCO-ViMGA
082 0 4 _a616.89 B355m
100 1 _aBelloch, Amparo; Sandin, Bonifacio; Ramos, Francisco
_912440
245 1 0 _aManual de Psicopatología .Vol 2
260 _aMadríd (E),
_cMcGraw Hill,
_c1995
300 _a613.p.
505 _aMarco general : Historia de la Psicopatología Psicopatología y procesos Psicológicos Trastornos asociados a necesidades biológicas y adicciones
650 1 4 _aPROCESOS PSICOLOGICOS
_912441
650 1 4 _aPSICOPATOLOGIA
_99325
942 _2ddc
_cBK
999 _c25580
_d25580